000 00610nam a2200229Ia 4500
003 OSt
005 20220928101952.0
006 a|||||r|||| 00| 0
007 ta
008 220927b |||||||| |||| 00| 0 eng d
024 _a53740
037 _cTextual
040 _aSDCL
_cSDCL
_beng
041 _2eng
_aeng
082 _aO152,8N409x, M9
100 _aVaishnava Lakshamikant
_9396000
245 0 _aAshvamedh.
260 _aNew Delhi
_bRaj Kamal Prakashan
_c1989
300 _a135p.
_ccm.
942 _hO152,8N409x, M9
_cTEXL
_2CC
999 _c711693
_d711693